| 000 | 00491nam a2200145 a 4500 | ||
|---|---|---|---|
| 001 | 000031411 | ||
| 005 | 20200930062918.0 | ||
| 008 | 110622s1934 fr 000 0 spa d | ||
| 040 |
_aDO-SdBNP _bspa _cBNPHU |
||
| 082 |
_axxxx _bN713v |
||
| 100 | 1 |
_aNimer, Aquiles _957830 |
|
| 245 | 1 | 3 |
_aLa vengeance de l' Abbé Cristobal : _bRoman : d' après le journal intime d' un emigrant Français à Saint-Domingue / _cAquiles Nimer. |
| 260 |
_aCavaillon : _bMistral, _c1934. |
||
| 300 |
_a204 p. ; _c22 cm. |
||
| 999 |
_c30903 _d30903 |
||